[Event "Superettan(Farsta-Upsala II)"]
[Site "?"]
[Date "2008.02.03"]
[Round "6"]
[White "Fallman, Micael"]
[Black "Jaderberg, Bjorn"]
[Result "1-0"]
[WhiteElo "2097"]
[BlackElo "2242"]
[PlyCount "81"]

1. d4 e6 2. Nf3 b6 3. g3 Bb7 4. Bg2 f5 5. O-O Nf6 6. c4 Be7 7. Nc3 O-O 8. Re1
Ne4 9. Qc2 Nc6 10. a3 d5 11. cxd5 exd5 12. Bf4 Bf6 13. e3 Rc8 14. Rad1 Ne7 15.
Qb3 Kh8 16. Be5 Qe8 17. Bxf6 Rxf6 18. Ne5 c6 19. Ne2 Ba6 20. f3 Bxe2 21. Rxe2
Nd6 22. Rc1 Ng6 23. f4 Ne4 24. Bxe4 fxe4 25. Rec2 Ne7 26. g4 Rh6 27. Qa2 Rh3
28. Rc3 Rd8 29. Kg2 Rh6 30. b4 Rdd6 31. b5 cxb5 32. Rc7 g5 33. f5 Rh4 34. h3
Rd8 35. Rh1 a5 36. Qc2 Rd6 37. Qf2 Rf6 38. Qg3 h5 39. Rhc1 hxg4 40. hxg4 Rfh6
41. Ng6+ 1-0

[Event "Superettan(Farsta-Upsala II)"]
[Site "?"]
[Date "2008.02.03"]
[Round "6"]
[White "Hedin, Gunnar"]
[Black "Holm, Magnus"]
[Result "1-0"]
[WhiteElo "2200"]
[BlackElo "2206"]
[PlyCount "67"]

1. d4 b6 2. c4 e6 3. Nc3 Bb7 4. a3 g6 5. Nf3 Bg7 6. e4 Ne7 7. Be2 d6 8. Be3 Nd7
9. Qd2 h6 10. O-O a6 11. Rad1 g5 12. Ne1 Ng6 13. g3 Qe7 14. Ng2 O-O-O 15. b4 f5
16. f3 Rdf8 17. exf5 exf5 18. Nd5 Qe6 19. Rfe1 Nf6 20. Nxf6 Qxf6 21. f4 g4 22.
d5 h5 23. c5 dxc5 24. bxc5 Rd8 25. Qc2 bxc5 26. Qxc5 Rd6 27. Rc1 Qe7 28. Qa7
Qe4 29. Bc4 Rxd5 30. Bxa6 Rb5 31. Re2 Rb3 32. Rd2 c6 33. Bb6 Rxb6 34. Qxb6 1-0

[Event "Superettan(Farsta-Upsala II)"]
[Site "?"]
[Date "2008.02.03"]
[Round "6"]
[White "Johansson, Thomas"]
[Black "Wieweg, Johnny"]
[Result "1/2-1/2"]
[WhiteElo "2195"]
[BlackElo "2121"]
[PlyCount "128"]

1. d4 Nf6 2. c4 g6 3. Nc3 Bg7 4. e4 d6 5. f3 O-O 6. Nge2 e5 7. dxe5 dxe5 8.
Qxd8 Rxd8 9. Nd5 Nxd5 10. cxd5 c6 11. Nc3 h6 12. Bc4 b5 13. Bb3 Bb7 14. dxc6
Bxc6 15. Be3 Na6 16. Nd5 Bf8 17. Rc1 Rac8 18. Nf6+ Kh8 19. Ng4 Be8 20. Rxc8
Rxc8 21. Nxe5 Kg7 22. Nd3 Nb4 23. Nxb4 Bxb4+ 24. Ke2 a5 25. Rc1 Rxc1 26. Bxc1
Bd6 27. f4 g5 28. g3 f6 29. Bd5 Kf8 30. Bd2 b4 31. Kd3 Bc5 32. Be3 Bb5+ 33. Kd2
Bd6 34. e5 fxe5 35. fxg5 h5 36. b3 a4 37. bxa4 Bxa4 38. Kd3 Bb5+ 39. Ke4 Kg7
40. Bb6 Bf1 41. Kf3 Bd3 42. Bd8 Bb1 43. Bf6+ Kf8 44. Be6 Bc7 45. h4 Bd6 46. Ke2
Bg6 47. g4 hxg4 48. Bxg4 Bf7 49. h5 Be7 50. h6 Bxf6 51. gxf6 Kg8 52. Bf5 Bxa2
53. Bg6 Bd5 54. Ke3 b3 55. Kd2 e4 56. h7+ Kh8 57. Bxe4 b2 58. Bb1 Bf7 59. Kc3
Bg6 60. Kxb2 Bxh7 61. Ba2 Bg8 62. Bb1 Bh7 63. f7 Kg7 64. Bxh7 Kxf7 1/2-1/2

[Event "Superettan(Farsta-Upsala II)"]
[Site "?"]
[Date "2008.02.03"]
[Round "6"]
[White "Lindeman, Sven"]
[Black "Styf, Josef"]
[Result "1-0"]
[WhiteElo "2208"]
[BlackElo "2080"]
[PlyCount "53"]

1. e4 c5 2. Nf3 d6 3. d4 cxd4 4. Nxd4 Nf6 5. Nc3 Nc6 6. Bg5 e6 7. Qd2 a6 8.
O-O-O h6 9. Nxc6 bxc6 10. Bf4 d5 11. Qe3 Be7 12. Be2 Qa5 13. Kb1 dxe4 14. Nxe4
Nd5 15. Qd2 Qxd2 16. Bxd2 e5 17. c4 Nf6 18. Nxf6+ Bxf6 19. Bf3 Bf5+ 20. Ka1 Rc8
21. Bb4 c5 22. Bc3 O-O 23. Bd5 g5 24. Rhe1 Rfe8 25. Re3 Rc7 26. Rde1 Rce7 27.
Rf3 1-0

[Event "Superettan(Farsta-Upsala II)"]
[Site "?"]
[Date "2008.02.03"]
[Round "6"]
[White "Dolata, Henryk"]
[Black "Lagerborg, Krister"]
[Result "1-0"]
[WhiteElo "2069"]
[BlackElo "2070"]
[PlyCount "89"]

1. e4 c5 2. c3 d6 3. d4 cxd4 4. cxd4 g6 5. Nc3 Bg7 6. Nf3 e6 7. Bg5 Ne7 8. d5
e5 9. Rc1 h6 10. Be3 O-O 11. Qd2 Kh7 12. Nb5 Na6 13. Nxa7 Bg4 14. Bxa6 bxa6 15.
Nc6 Nxc6 16. Rxc6 Qe7 17. Qa5 Bd7 18. Rxa6 Rxa6 19. Qxa6 f5 20. Nd2 Rb8 21.
exf5 gxf5 22. Nc4 Bb5 23. Qxd6 Qh4 24. Qxb8 Qxc4 25. Kd1 Qe2+ 26. Kc1 e4 27.
Bd2 Bd3 28. Qf4 Qh5 29. Bc3 Bxc3 30. bxc3 Qf7 31. Qe5 Qb7 32. Qxf5+ Kg7 33.
Qe5+ Kh7 34. Qf5+ Kg7 35. Qg4+ Kh7 36. Kd2 Qb2+ 37. Ke3 Qxc3 38. Qd7+ Kh8 39.
Qd8+ Kh7 40. Kf4 Qd2+ 41. Kg3 Qc3 42. Qe7+ Kh8 43. h3 Qb2 44. Re1 Qc3 45. Re3
1-0

[Event "Superettan(Farsta-Upsala II)"]
[Site "?"]
[Date "2008.02.03"]
[Round "6"]
[White "Delveborn, Ingemar"]
[Black "Bjelvenmark, Per"]
[Result "1/2-1/2"]
[WhiteElo "2014"]
[BlackElo "1968"]
[PlyCount "124"]

1. d4 d5 2. Nf3 c6 3. e3 Nf6 4. Bd3 Bg4 5. Nbd2 e6 6. c3 Bd6 7. Qc2 Nbd7 8. h3
Bh5 9. O-O O-O 10. b3 Rc8 11. c4 c5 12. Qb1 Qe7 13. Bb2 cxd4 14. exd4 Bg6 15.
Bxg6 hxg6 16. Ne5 Bb4 17. Ndf3 Ne4 18. Qd3 Nxe5 19. Nxe5 a6 20. c5 Rfd8 21. a3
Ba5 22. b4 Bc7 23. Rfc1 Bb8 24. Rc2 g5 25. g3 f6 26. Ng4 Qe8 27. Kg2 Qh5 28.
Qf3 Qg6 29. Re2 f5 30. Ne5 Bxe5 31. dxe5 g4 32. Qf4 gxh3+ 33. Kh2 Qg4 34. f3
Qxf4 35. gxf4 Nxc5 36. bxc5 Rxc5 37. Rc1 Rxc1 38. Bxc1 Rc8 39. Bb2 Rc4 40. Kg3
b5 41. Rd2 Kf7 42. Bd4 Kg6 43. Kxh3 Kh5 44. Kg3 g5 45. fxg5 Kxg5 46. f4+ Kh5
47. Kf3 Kg6 48. Rd3 Kh5 49. Be3 Kg6 50. Rd4 Kf7 51. Rxc4 bxc4 52. Ke2 Kg6 53.
Kd2 Kh5 54. Kc3 Kg4 55. Kd4 Kf3 56. Bc1 Ke2 57. a4 Kd1 58. Be3 Kc2 59. a5 Kb3
60. Bc1 Kc2 61. Ba3 Kb3 62. Bc1 Kc2 1/2-1/2

[Event "Superettan(Vastervik-Lundby)"]
[Site "?"]
[Date "2008.02.03"]
[Round "6"]
[White "Nuoristo, Peter"]
[Black "Karlsson, Jorgen"]
[Result "1-0"]
[WhiteElo "2225"]
[BlackElo "2228"]
[PlyCount "77"]

1. d4 Nf6 2. c4 g6 3. Nc3 Bg7 4. e4 d6 5. Nf3 O-O 6. Be2 Na6 7. O-O c5 8. d5
Nc7 9. h3 Bd7 10. Bf4 a6 11. a4 b6 12. e5 Nfe8 13. Bd3 dxe5 14. Nxe5 Nd6 15.
Re1 Ra7 16. Qf3 Nce8 17. Re2 Bxe5 18. Bxe5 Nf5 19. Ne4 f6 20. Bc3 Neg7 21. a5
e5 22. Ree1 Nd4 23. Qd1 f5 24. Nd2 Re8 25. b4 Rb7 26. axb6 Qxb6 27. bxc5 Qxc5
28. Rxa6 e4 29. Bf1 Nh5 30. Nxe4 fxe4 31. Qxd4 Qxd4 32. Bxd4 Nf4 33. Rd6 Ba4
34. c5 Nd3 35. Ra1 Bc2 36. c6 Rb1 37. Rxb1 Bxb1 38. c7 Kf7 39. Rd8 1-0

[Event "Superettan(Vastervik-Lundby)"]
[Site "?"]
[Date "2008.02.03"]
[Round "6"]
[White "Ask, Josef"]
[Black "Sigurgeirsson, Brjann"]
[Result "1/2-1/2"]
[WhiteElo "2283"]
[BlackElo "2185"]
[PlyCount "168"]

1. e4 c5 2. Nf3 d6 3. d4 cxd4 4. Nxd4 Nf6 5. Nc3 g6 6. g3 Bg7 7. Bg2 Qb6 8. Nb3
Bg4 9. f3 Be6 10. Qe2 O-O 11. Be3 Bc4 12. Qd2 Qa6 13. Bh6 Bxh6 14. Qxh6 Nc6 15.
O-O-O Nb4 16. Kb1 Rfc8 17. Rd2 Be6 18. Bf1 Qb6 19. Bh3 Bxh3 20. Qxh3 a5 21. a4
Qe3 22. Qf1 Rxc3 23. bxc3 Qxc3 24. Rf2 Nxc2 25. Rxc2 Qxb3+ 26. Rb2 Qxa4 27. Qb5
Qd4 28. Qxb7 Ra7 29. Qb5 Kg7 30. Rc1 d5 31. exd5 Nxd5 32. Qc4 Qxc4 33. Rxc4 e6
34. Rb5 a4 35. Ka2 Ne3 36. Rc1 Nf5 37. Rc3 Rd7 38. Rb2 Rd4 39. Ka3 Ne7 40. Rc7
Nd5 41. Ra7 Rd3+ 42. Kxa4 Rxf3 43. Kb5 h5 44. Kc6 Nf6 45. Kd6 Ng4 46. Re2 Kf6
47. Kd7 Rb3 48. Ke8 Rb8+ 49. Kd7 Ne5+ 50. Kc7 Rb5 51. Kd6 Rd5+ 52. Kc7 g5 53.
Ra8 Kg7 54. Rd8 Ra5 55. Kb6 Nc4+ 56. Kc6 Rf5 57. Kd7 Ne5+ 58. Ke8 Ng4 59. Ke7
Nf6 60. Rb8 Nd5+ 61. Ke8 e5 62. Rd8 Nf6+ 63. Ke7 e4 64. Rd4 Re5+ 65. Kd6 Re6+
66. Kc5 Kg6 67. Rd6 Re8 68. Rf2 Re5+ 69. Kd4 Rf5 70. Rxf5 Kxf5 71. h3 h4 72.
g4+ Nxg4 73. hxg4+ Kxg4 74. Kxe4 f5+ 75. Ke3 Kg3 76. Ke2 Kg2 77. Rd5 g4 78.
Rxf5 g3 79. Rh5 h3 80. Ke3 h2 81. Kf4 Kf2 82. Rh3 g2 83. Rxh2 Kf1 84. Rxg2 Kxg2
1/2-1/2

[Event "Superettan(Vastervik-Lundby)"]
[Site "?"]
[Date "2008.02.03"]
[Round "6"]
[White "Zackrisson, Mattias"]
[Black "Elenius, Erik"]
[Result "1/2-1/2"]
[WhiteElo "2103"]
[BlackElo "2184"]
[PlyCount "38"]

1. e4 c5 2. Nf3 d6 3. d3 g6 4. g3 Bg7 5. Bg2 Nc6 6. O-O e6 7. c3 Nge7 8. Be3
O-O 9. d4 b6 10. e5 cxd4 11. Nxd4 d5 12. f4 Nxd4 13. Bxd4 Qc7 14. Na3 a6 15. c4
Bb7 16. Rc1 Rfc8 17. Qd2 Qd8 18. Qb4 Rc6 19. Bf2 Bf8 1/2-1/2

[Event "Superettan(Vastervik-Lundby)"]
[Site "?"]
[Date "2008.02.03"]
[Round "6"]
[White "Sternlund, Hakan"]
[Black "Lehtonen, Ture"]
[Result "1/2-1/2"]
[WhiteElo "2223"]
[BlackElo "2154"]
[PlyCount "126"]

1. c4 b6 2. Nc3 e6 3. e4 Bb4 4. Nf3 c5 5. Be2 Nc6 6. a3 Ba5 7. O-O Nge7 8. d4
Bxc3 9. bxc3 d6 10. Be3 e5 11. d5 Na5 12. Nd2 Ba6 13. g3 O-O 14. f4 f5 15. fxe5
dxe5 16. Bg5 h6 17. Bxe7 Qxe7 18. exf5 e4 19. Rf4 e3 20. Nf3 Qf6 21. Qc2 Nb7
22. Rf1 Nd6 23. Nh4 Rf7 24. Bd3 Re8 25. Ng2 Rfe7 26. Re1 Bb7 27. Rg4 Rf7 28.
Rg6 Qd8 29. Rxe3 Rxe3 30. Nxe3 Bc8 31. Ng4 Kh8 32. Ne3 Rf6 33. Qf2 Bd7 34. g4
Qe7 35. Ng2 Rxg6 36. fxg6 Bxg4 37. Qe3 Qf6 38. Qf4 Qxf4 39. Nxf4 Kg8 40. Kf2
Kf8 41. Kg3 Bf5 42. Bxf5 Nxf5+ 43. Kf3 Ke7 44. Nh5 Nd6 45. Kf4 Nxc4 46. Nxg7
Kf6 47. Nf5 Kxg6 48. d6 Na5 49. d7 Nb7 50. Ne7+ Kf6 51. Nc6 Ke6 52. d8=Q Nxd8
53. Nxd8+ Kd5 54. Nf7 Kc4 55. Nxh6 b5 56. Nf5 Kxc3 57. h4 b4 58. axb4 cxb4 59.
h5 b3 60. Ne3 Kd3 61. Nd1 Kc2 62. Ne3+ Kd3 63. Nd1 Kc2 1/2-1/2

[Event "Superettan(Vastervik-Lundby)"]
[Site "?"]
[Date "2008.02.03"]
[Round "6"]
[White "Ingvason, Sigurgeir"]
[Black "Nilsson, Victor"]
[Result "0-1"]
[WhiteElo "2029"]
[BlackElo "2171"]
[PlyCount "48"]

1. Nf3 Nf6 2. d4 g6 3. c4 Bg7 4. g3 O-O 5. Bg2 c6 6. O-O d5 7. Nc3 dxc4 8. e4
b5 9. Ne5 Nfd7 10. f4 Nxe5 11. fxe5 c5 12. Be3 cxd4 13. Qxd4 Qxd4 14. Bxd4 Nc6
15. Bc5 Bxe5 16. Nxb5 Bxb2 17. Rab1 Be5 18. Rfc1 Be6 19. Bf1 Rfc8 20. Bxc4 Bxc4
21. Rxc4 a6 22. a4 axb5 23. Rxb5 Na5 24. Rcb4 Bc3 0-1

[Event "Superettan(Vastervik-Lundby)"]
[Site "?"]
[Date "2008.02.03"]
[Round "6"]
[White "Nystrom, Jesper"]
[Black "Harren, Mats"]
[Result "1/2-1/2"]
[WhiteElo "1867"]
[BlackElo "2087"]
[PlyCount "113"]

1. e4 d6 2. f4 Nf6 3. Nc3 Nbd7 4. Nf3 e5 5. d4 exd4 6. Qxd4 c6 7. h3 d5 8. e5
Bc5 9. Qd3 Nh5 10. Ng5 h6 11. g4 hxg5 12. gxh5 gxf4 13. Bxf4 Qh4+ 14. Qg3 Qxg3+
15. Bxg3 Bd4 16. O-O-O Bxe5 17. Re1 f6 18. Bd3 Kf8 19. Bg6 Ke7 20. Nd1 Kd8 21.
Bh4 Kc7 22. Ne3 Nf8 23. Rhg1 Bxh3 24. Bf7 g5 25. hxg6 Nxg6 26. Bxf6 Bxf6 27.
Rxg6 Bd4 28. Ng4 Raf8 29. Re7+ Kb8 30. c3 Bc5 31. Rd7 Bg2 32. Rg7 Be4 33. b4
Bf5 34. Be6 Bxg4 35. Rxb7+ Ka8 36. Bxg4 Bb6 37. a4 Rh1+ 38. Kb2 Rf2+ 39. Kb3
Rhh2 40. c4 d4 41. c5 Bxc5 42. Rbc7 Rb2+ 43. Kc4 Rhc2+ 44. Kd3 Rc3+ 45. Ke4
Rxb4 46. Rc8+ Rb8 47. Rxc6 Rd8 48. a5 Bb4 49. Ra6 Re3+ 50. Kf4 Re7 51. Rxe7
Bxe7 52. Re6 Bd6+ 53. Ke4 Kb7 54. Be2 Bc5 55. Bb5 d3 56. a6+ Kb8 57. Re8
1/2-1/2

[Event "Superettan(Farsta-Passanten)"]
[Site "?"]
[Date "2008.02.23"]
[Round "6"]
[White "Cramling, Dan"]
[Black "Hjelm, Niclas"]
[Result "0-1"]
[WhiteElo "2356"]
[BlackElo "2367"]
[PlyCount "50"]
[SourceDate "2008.03.04"]

1. d4 Nf6 2. c4 e6 3. Nc3 Bb4 4. e3 O-O 5. Bd3 d5 6. Nge2 c5 7. cxd5 cxd4 8.
exd4 Nxd5 9. O-O Nc6 10. Bc2 Be7 11. Qd3 Nf6 12. a3 b6 13. Rd1 Bb7 14. Qh3 g6
15. Bh6 Re8 16. Nf4 Rc8 17. d5 exd5 18. Nfxd5 Nxd5 19. Rxd5 Qc7 20. Rd7 Qb8 21.
Nd5 Qe5 22. Rxb7 Qxd5 23. Bb3 Qe4 24. Qf3 Qxf3 25. gxf3 Na5 0-1

[Event "Superettan(Farsta-Passanten)"]
[Site "?"]
[Date "2008.02.23"]
[Round "6"]
[White "Backelin, Rikard"]
[Black "Larsson, Per"]
[Result "1/2-1/2"]
[WhiteElo "2404"]
[BlackElo "2358"]
[PlyCount "36"]

1. e4 c6 2. d4 d5 3. e5 Bf5 4. Nf3 e6 5. Be2 Nd7 6. O-O Bg6 7. Nbd2 Nh6 8. Ne1
Nf5 9. Ndf3 c5 10. c3 Qb6 11. dxc5 Bxc5 12. Nd3 Be7 13. Bf4 O-O 14. Qd2 Nh4 15.
Nxh4 Bxh4 16. Be3 Qc7 17. f4 Be7 18. Bd4 Nc5 1/2-1/2

[Event "Superettan(Farsta-Passanten)"]
[Site "?"]
[Date "2008.02.23"]
[Round "6"]
[White "Sanden, Stefan"]
[Black "Lindeman, Sven"]
[Result "1/2-1/2"]
[WhiteElo "2334"]
[BlackElo "2208"]
[PlyCount "160"]

1. e4 e5 2. Nf3 Nc6 3. Bc4 Nf6 4. d3 Bc5 5. O-O d6 6. c3 a6 7. b4 Ba7 8. Be3
O-O 9. Bxa7 Rxa7 10. Nbd2 Ne7 11. d4 Ng6 12. Re1 c6 13. Bb3 b5 14. a4 Qb6 15.
Qc2 Rc7 16. g3 h6 17. c4 Re7 18. c5 dxc5 19. bxc5 Qd8 20. axb5 axb5 21. d5 cxd5
22. exd5 Nxd5 23. Ra8 e4 24. Rxe4 Nc7 25. Rd4 Re1+ 26. Kg2 Qf6 27. Rd6 Ne6 28.
Bxe6 Rxe6 29. Rxe6 Qxe6 30. c6 Qd5 31. Kg1 Re8 32. Qc3 Kh7 33. Ra1 Bh3 34. c7
Qb7 35. Rc1 Rc8 36. Qc6 Qxc6 37. Rxc6 b4 38. Rc5 Nf8 39. Rh5 Bd7 40. Rd5 Rxc7
41. Kg2 Rb7 42. Nb3 Be6 43. Rd3 Nd7 44. Nfd2 Rb5 45. Rd4 Ne5 46. f3 Nc6 47. Re4
Bd5 48. Re3 Na5 49. Nd4 Rc5 50. Kf2 Ba2 51. Ke2 Rc1 52. Re8 Bc4+ 53. Nxc4 Rxc4
54. Ra8 Nb7 55. Rb8 Nc5 56. Rc8 Rc3 57. Nb5 Rc1 58. Nd4 b3 59. Rxc5 Rxc5 60.
Nxb3 Rb5 61. Nd2 Rh5 62. h4 Ra5 63. Kf2 Ra2 64. Ke3 g6 65. Ne4 Kg7 66. Nf2 f6
67. g4 Ra3+ 68. Kf4 Ra5 69. Kg3 Kf7 70. Ne4 f5 71. gxf5 gxf5 72. Nf2 Kf6 73.
Kf4 Ra4+ 74. Kg3 h5 75. Nd3 Kg6 76. Nf4+ Kh6 77. Ne6 Ra1 78. Nd4 Kg6 79. Ne2
Ra4 80. Nf4+ Kh6 1/2-1/2

[Event "Superettan(Farsta-Passanten)"]
[Site "?"]
[Date "2008.02.23"]
[Round "6"]
[White "Wieweg, Johnny"]
[Black "Lundin, Anders"]
[Result "1/2-1/2"]
[WhiteElo "2121"]
[BlackElo "2186"]
[PlyCount "61"]
[SourceDate "2008.03.05"]

1. e4 c5 2. Nf3 e6 3. c3 Nf6 4. e5 Nd5 5. d4 cxd4 6. cxd4 b6 7. Nc3 Nxc3 8.
bxc3 Qc7 9. Bd2 d6 10. exd6 Bxd6 11. Bd3 Nd7 12. O-O Bb7 13. Re1 O-O 14. Kh1
Bf4 15. Bxf4 Qxf4 16. Re3 Nf6 17. Ne5 Qxf2 18. Rg3 Rac8 19. Rc1 Qf4 20. Qc2 Ne4
21. Rf3 Qh4 22. Rcf1 Nxc3 23. Rf4 Qh5 24. Rxf7 Rxf7 25. Rxf7 Qh4 26. Nf3 Bxf3
27. Rxf3 Qe1+ 28. Rf1 Qh4 29. Rf3 Qe1+ 30. Rf1 Qh4 31. Rf3 1/2-1/2

[Event "Superettan(Farsta-Passanten)"]
[Site "?"]
[Date "2008.02.23"]
[Round "6"]
[White "Loven, Anders"]
[Black "Hedin, Gunnar"]
[Result "1/2-1/2"]
[WhiteElo "2117"]
[BlackElo "2200"]
[PlyCount "54"]

1. Nf3 f5 2. c4 Nf6 3. g3 g6 4. Bg2 Bg7 5. Nc3 O-O 6. d4 c6 7. O-O Ne4 8. Qc2
Nxc3 9. Qxc3 d6 10. b3 e5 11. dxe5 dxe5 12. Nxe5 Nd7 13. f4 Qe7 14. Bb2 Re8 15.
Rad1 Nxe5 16. fxe5 Qc5+ 17. Qd4 Qxd4+ 18. Bxd4 Bxe5 19. Bxe5 Rxe5 20. Rd8+ Kf7
21. e4 Re8 22. Rxe8 Kxe8 23. Bh3 fxe4 24. Bxc8 Rxc8 25. Re1 Rd8 26. Rxe4+ Kf7
27. Kf2 Rd2+ 1/2-1/2

[Event "Superettan(Farsta-Passanten)"]
[Site "?"]
[Date "2008.02.23"]
[Round "6"]
[White "Engstrom, Stefan"]
[Black "Ekelund, Peter"]
[Result "1-0"]
[WhiteElo "2050"]
[BlackElo "2153"]
[PlyCount "79"]

1. d4 e6 2. Nf3 f5 3. g3 Nf6 4. Bg2 Be7 5. O-O O-O 6. c4 d5 7. Nc3 c6 8. b3 Qe8
9. Bb2 Nbd7 10. Qc2 Qh5 11. e3 Ne4 12. Ne2 g5 13. Ne5 Nef6 14. f3 a5 15. a3 Ra6
16. Rae1 h6 17. Nd3 Bd6 18. c5 Be7 19. b4 Bd8 20. Nc3 Qe8 21. b5 Ra8 22. b6 Nh5
23. e4 dxe4 24. fxe4 Bf6 25. Na4 f4 26. g4 Ng7 27. e5 Be7 28. Be4 h5 29. h3 h4
30. Nf2 Kh8 31. Bg6 Qd8 32. Ne4 Nb8 33. Nd6 Bxd6 34. exd6 Nd7 35. d5 cxd5 36.
Rxe6 Nf6 37. Re7 Bd7 38. Rfe1 Rc8 39. Bh5 Bxa4 40. Qg6 1-0

[Event "Superettan(Farsta-Passanten)"]
[Site "?"]
[Date "2008.02.23"]
[Round "6"]
[White "Danielsson, Robert"]
[Black "Lagerborg, Krister"]
[Result "1/2-1/2"]
[WhiteElo "2003"]
[BlackElo "2070"]
[PlyCount "91"]

1. d4 Nf6 2. c4 g6 3. Nc3 Bg7 4. e4 d6 5. f3 O-O 6. Be3 e5 7. d5 Nh5 8. Qd2 f5
9. O-O-O f4 10. Bf2 a5 11. Bd3 Na6 12. Nge2 Rf7 13. Bc2 Qf8 14. Kb1 Bh6 15. Nc1
b6 16. Ba4 Kh8 17. Bc6 Rb8 18. Nd3 Qg7 19. a3 Bd7 20. Bxd7 Rxd7 21. b4 axb4 22.
axb4 Rg8 23. Kb2 g5 24. h3 Nf6 25. Ra1 Nb8 26. Ra7 c5 27. Rxd7 Nbxd7 28. Nb5
Qf8 29. bxc5 bxc5 30. Qa5 Qb8 31. Ra1 Bf8 32. Qa7 Be7 33. Qxb8 Rxb8 34. Ra6 Rb6
35. Ra7 Bf8 36. Be1 Rb8 37. Ba5 Nb6 38. Bxb6 Rxb6 39. Rf7 Bg7 40. Rc7 Bf8 41.
Rc6 Nd7 42. Rc7 Nf6 43. Rf7 Bg7 44. Ra7 Bf8 45. Kc2 Kg8 46. Rc7 1/2-1/2

[Event "Superettan(Farsta-Passanten)"]
[Site "?"]
[Date "2008.02.23"]
[Round "6"]
[White "Iversen, Kent"]
[Black "Jordas, Ingvar"]
[Result "1-0"]
[WhiteElo "2031"]
[BlackElo "1887"]
[PlyCount "87"]

1. d4 d5 2. c4 Nf6 3. Nf3 e6 4. g3 c6 5. Nc3 dxc4 6. a4 Bb4 7. Bg2 O-O 8. Bg5
Qa5 9. Qc1 Ne4 10. Bd2 Nd6 11. O-O Nd7 12. e4 Qh5 13. e5 Ne8 14. Ne4 Bxd2 15.
Nfxd2 f6 16. f4 fxe5 17. dxe5 Nb6 18. Nxc4 Nc7 19. Ncd6 Rb8 20. Qd2 Bd7 21. Nc5
Bc8 22. Rae1 Rd8 23. Bf3 Qh6 24. Qc2 Nbd5 25. Nce4 Qg6 26. Qe2 b6 27. Ng5 Ba6
28. Nc4 h6 29. Be4 Qe8 30. Nf3 b5 31. Nd6 Qh5 32. Rf2 bxa4 33. Qc2 Nb4 34. Qxa4
Ncd5 35. Nh4 Bd3 36. Bf3 Qxh4 37. gxh4 Nxf4 38. Kh1 Rf8 39. Be4 Bxe4+ 40. Rxe4
Nbd3 41. Rfxf4 Rxf4 42. Rxf4 Rxb2 43. Rf1 Nf2+ 44. Rxf2 1-0

[Event "Superettan(Lundby-Manhem II)"]
[Site "?"]
[Date "2008.02.23"]
[Round "6"]
[White "Andersson, Goran"]
[Black "Virolainen, Victor"]
[Result "1/2-1/2"]
[WhiteElo "2190"]
[BlackElo "2227"]
[PlyCount "155"]

1. e4 e5 2. Nf3 Nc6 3. Bb5 a6 4. Ba4 Nf6 5. O-O Be7 6. Re1 b5 7. Bb3 d6 8. c3
O-O 9. h3 Na5 10. Bc2 c5 11. d4 Qc7 12. Nbd2 Nc6 13. d5 Nd8 14. a4 Rb8 15. axb5
axb5 16. b3 Ne8 17. Nf1 Bd7 18. Ng3 g6 19. Bh6 Ng7 20. Qd2 f6 21. Ra2 Nf7 22.
Bxg7 Kxg7 23. Rea1 Rfc8 24. Nh2 Qd8 25. Bd1 h5 26. Bxh5 gxh5 27. Nxh5+ Kh7 28.
g4 Ra8 29. f3 Rxa2 30. Qxa2 c4 31. b4 Qb6+ 32. Qf2 Qxf2+ 33. Kxf2 Bd8 34. Nf1
Bb6+ 35. Ke2 Kg6 36. Nfg3 Ng5 37. Nf5 Bxf5 38. exf5+ Kf7 39. Ra6 Rb8 40. h4 Nh3
41. Kf1 Nf4 42. Nxf4 exf4 43. Kg2 Ke7 44. g5 Be3 45. Kh3 fxg5 46. hxg5 Rd8 47.
Kg4 Kf7 48. Ra5 Rd7 49. f6 Kg6 50. Ra8 Rh7 51. Rg8+ Kf7 52. Rb8 Kg6 53. Rg8+
Kf7 54. Rd8 Kg6 55. Rxd6 Rh1 56. f7+ Kxf7 57. Kf5 Rg1 58. Rd7+ Ke8 59. Rb7 Bd2
60. Rxb5 Bxc3 61. Rc5 Bxb4 62. Rxc4 Bd2 63. Rc7 Kd8 64. Ra7 Be3 65. Rb7 Rd1 66.
Ke6 Rg1 67. d6 Kc8 68. Rg7 Bb6 69. Kf5 Rd1 70. d7+ Rxd7 71. Rxd7 Kxd7 72. Kxf4
Ke7 73. Kf5 Kf7 74. f4 Be3 75. Kg4 Kg7 76. f5 Bd2 77. Kh5 Bc3 78. f6+ 1/2-1/2

[Event "Superettan(Lundby-Manhem II)"]
[Site "?"]
[Date "2008.02.23"]
[Round "6"]
[White "Zackrisson, Mattias"]
[Black "Fendrich, David"]
[Result "0-1"]
[WhiteElo "2103"]
[BlackElo "2300"]
[PlyCount "127"]

1. e4 c5 2. Nf3 d6 3. d4 cxd4 4. Nxd4 a6 5. c4 Nf6 6. Nc3 b6 7. Be2 Bb7 8. Bf3
Nbd7 9. b3 Ne5 10. O-O e6 11. Re1 Be7 12. Bf4 O-O 13. Rc1 Rc8 14. h3 Rc7 15.
Nde2 Nxf3+ 16. gxf3 Rd7 17. Ng3 d5 18. cxd5 exd5 19. e5 Ne8 20. Kh2 Ba3 21. Rc2
Bc8 22. Nce2 d4 23. Qd3 Nc7 24. Rg1 Ne6 25. Ne4 Kh8 26. Rg4 f5 27. exf6 gxf6
28. Bh6 Rff7 29. Rg1 Bb7 30. N2g3 f5 31. Nd2 Nc5 32. Rxc5 Bxc5 33. Nxf5 Qf6 34.
Bg7+ Rxg7 35. Nxg7 Rxg7 36. Rxg7 Kxg7 37. f4 Qxf4+ 38. Qg3+ Qxg3+ 39. Kxg3 d3
40. f3 Be3 41. Nc4 d2 42. Nxe3 Kf6 43. Kf4 Kg6 44. Nd1 Kh5 45. Ke3 Kh4 46. f4
Kxh3 47. Nf2+ Kg3 48. f5 Bd5 49. f6 h5 50. Ke2 h4 51. Ne4+ Kf4 52. Nxd2 h3 53.
Nf1 Ke5 54. Ne3 Be6 55. Kf3 Kxf6 56. Nc2 Ke5 57. Nb4 a5 58. Nd3+ Kd4 59. Nf4
Bd7 60. Kg3 b5 61. Ng6 Kc3 62. Ne5 Be6 63. Nc6 a4 64. Na7 0-1

[Event "Superettan(Lundby-Manhem II)"]
[Site "?"]
[Date "2008.02.23"]
[Round "6"]
[White "Eriksson, Mats"]
[Black "Lehtonen, Ture"]
[Result "0-1"]
[WhiteElo "2197"]
[BlackElo "2154"]
[PlyCount "62"]

1. e4 g6 2. d4 Bg7 3. Nc3 d6 4. Nf3 a6 5. Be2 b5 6. a4 b4 7. Nb1 Bb7 8. Bd3 Nd7
9. Be3 Ngf6 10. Nbd2 c5 11. h3 cxd4 12. Bxd4 O-O 13. O-O e5 14. Be3 h6 15. Qe2
Qc7 16. Rfc1 d5 17. exd5 Nxd5 18. Bc4 Rfe8 19. Rd1 Nf4 20. Bxf4 exf4 21. Qd3
Qc6 22. Qb3 Ne5 23. Qxb4 Rab8 24. Bf1 Ba8 25. Qxf4 Rxb2 26. Ra3 Qxc2 27. Be2
Bxf3 28. Bxf3 Rd8 29. Raa1 Rxd2 30. Rdc1 Qf5 31. Rc8+ Qxc8 0-1

[Event "Superettan(Lundby-Manhem II)"]
[Site "?"]
[Date "2008.02.23"]
[Round "6"]
[White "Ingvason, Sigurgeir"]
[Black "Bergre, Joachim"]
[Result "1-0"]
[WhiteElo "2024"]
[BlackElo "2128"]
[PlyCount "81"]

1. e4 d6 2. d4 g6 3. c4 Bg7 4. Nc3 Nd7 5. Nf3 e5 6. Bg5 f6 7. Be3 Nh6 8. Qb3
Ng4 9. Rd1 Nxe3 10. fxe3 exd4 11. exd4 O-O 12. Be2 Kh8 13. O-O c6 14. Kh1 Qe7
15. Rde1 Re8 16. Bd3 Nf8 17. Qd1 Bg4 18. h3 Bd7 19. b4 Ne6 20. c5 Nf4 21. Bc4
Nh5 22. Kh2 dxc5 23. bxc5 Be6 24. Bxe6 Qc7+ 25. Kg1 Rxe6 26. Qb3 Rae8 27. e5
Qd7 28. Ne4 h6 29. Nd6 R8e7 30. Nh4 fxe5 31. dxe5 b6 32. Rd1 Qc7 33. Rf7 Qd7
34. Rdf1 bxc5 35. Qd3 c4 36. Nxg6+ Kg8 37. Rf8+ Bxf8 38. Rxf8+ Kg7 39. Nf5+
Kxg6 40. Nxe7+ Kg7 41. Qxd7 1-0

[Event "Superettan(Lundby-Manhem II)"]
[Site "?"]
[Date "2008.02.23"]
[Round "6"]
[White "Andersson, Kaj"]
[Black "Przysuski, Feliks"]
[Result "1/2-1/2"]
[WhiteElo "2095"]
[BlackElo "2037"]
[PlyCount "51"]

1. e4 c5 2. Nf3 e6 3. d4 cxd4 4. Nxd4 Nc6 5. Be3 a6 6. Bd3 Nf6 7. O-O Be7 8.
Nc3 O-O 9. a4 Qc7 10. Nb3 Ne5 11. Be2 Nc4 12. Bc1 d6 13. Qd3 Ne5 14. Qh3 Bd7
15. f4 Nc4 16. Rf3 Kh8 17. Rg3 Ne8 18. Kh1 Bf6 19. Nd2 Nxd2 20. Bxd2 Bc6 21.
Rf1 Qe7 22. Bd3 e5 23. f5 Nc7 24. Qh5 g6 25. fxg6 fxg6 26. Qh6 1/2-1/2

[Event "Superettan(Lundby-Manhem II)"]
[Site "?"]
[Date "2008.02.23"]
[Round "6"]
[White "Nystrom, Jesper"]
[Black "von Bromssen, Goran"]
[Result "1-0"]
[WhiteElo "1867"]
[BlackElo "2086"]
[PlyCount "55"]

1. e4 Nf6 2. d3 e6 3. g3 d5 4. Nd2 dxe4 5. dxe4 Bd7 6. Bg2 Bc6 7. Ne2 Be7 8.
O-O O-O 9. a4 a5 10. b3 Na6 11. Bb2 Nc5 12. f3 Qb8 13. Nd4 Be8 14. Qe2 c6 15.
f4 b5 16. axb5 cxb5 17. e5 Nd5 18. f5 Ra6 19. f6 gxf6 20. exf6 Nxf6 21. Nc6
Bxc6 22. Rxf6 Rc8 23. Qg4+ Kf8 24. Rxf7+ Kxf7 25. Qh5+ Kg8 26. Rf1 Be8 27. Qh6
e5 28. Bd5+ 1-0

[Event "Superettan(Lundby-Manhem II)"]
[Site "?"]
[Date "2008.02.23"]
[Round "6"]
[White "Lundstrom, Mattias"]
[Black "Johansson, Gunnar"]
[Result "1-0"]
[WhiteElo "2042"]
[BlackElo "1767"]
[PlyCount "55"]

1. e4 d6 2. d4 Nf6 3. Nc3 g6 4. Bg5 c6 5. Nf3 b5 6. Bd3 Nbd7 7. Qd2 h6 8. Be3
Ng4 9. Bf4 e5 10. Bg3 exd4 11. Nxd4 Bb7 12. O-O Nge5 13. Be2 Bg7 14. f4 Nc4 15.
Bxc4 bxc4 16. f5 Qb6 17. Bf2 O-O 18. Ne6 Qxb2 19. Nxg7 Kxg7 20. Rab1 Qa3 21.
Rxb7 Ne5 22. fxg6 Kxg6 23. Nb1 Qa6 24. Qxd6+ f6 25. Re7 Qa5 26. Bd4 Rad8 27.
Qe6 Rxd4 28. Qf5# 1-0